Countries by Initials - Statistics

General Stats
  • This quiz has been taken 45 times
  • The average score is 11 of 20
Answer Stats
Initials Country % Correct
NZ New Zealand
100%
UAE United Arab Emirates
83%
PNG Papua New Guinea
76%
BF Burkina Faso
68%
CAR Central African Republic
66%
DR Dominican Republic
61%
TaT Trinidad and Tobago
59%
EG Equatorial Guinea
56%
VC Vatican City
54%
ET East Timor
51%
SKaN Saint Kitts and Nevis
49%
BaH Bosnia and Herzegovina
46%
SM San Marino
46%
SK South Korea
46%
SS South Sudan
46%
SVatG Saint Vincent and the Grenadines
44%
CV Cape Verde
37%
ES El Salvador
32%
SI Solomon Islands
22%
MI Marshall Islands
20%
No matching quizzes found
Score Distribution
Percent of People with Each Score
Percentile by Number Answered
Your Score History
You have not taken this quiz